000 00817nam a2200265 a 4500
001 BRCA_4596
005 20190320204730.0
008 240910s1910----gw-a######---#000-0#ger-#
041 _ager
044 _agw
050 4 _aNA1311.T6
_b.M39 1910
100 1 _aMayer, August L.
_911631
245 1 0 _aToledo
_cvon August L. Mayer.
260 _aLeipzig, Alemania
_bE. A. Seeman
_c1910
300 _avii, 167 p.
_bil., 118 láminas
_c19 cm.
440 0 _aBerühmte Kunststätten
_v51
_911632
500 _aIncluye índice analítico
500 _aD29
650 1 4 _aArquitectura
_zToledo, España
_911633
650 1 4 _aArquitectura religiosa
_zToledo, España
_911634
650 1 4 _aArquitectura mahometana
_zToledo, España
_911635
651 4 _aToledo
_xDescripción
_zEspaña
_911636
902 _aGFM
942 _2lcc
_cB
999 _c4301
_d4301